000 00776nam a2200289Ia 4500
005 20260324111636.0
008 008 260324s9999 xx 000 0 eng d
020 _a9781003396260
037 _aEBOOK
040 _aCRL
040 _beng
040 _cCRL
041 _2eng
041 _aeng
084 _qCRL
100 _aKrishna Prasad Vadrevu; Christopher Justice; Garik Gutman
_91139410
245 0 _aRemote Sensing of Land Cover and Land Use Changes in South and Southeast Asia, Volume 2
245 0 _bImpacts on the Environment
260 _bTaylor and Francis
260 _c2025
365 _a
365 _b355
856 _uhttp://www.taylorfrancis.com/books/9781003396260
942 _cEBOOK
999 _c1728299
_d1728299